#1 Albums of the 1970's - Statistics

General Stats
  • This quiz has been taken 1,563 times
    1,558 since last reset
  • The average score is 73 of 123
Answer Stats
Year Album Artist % Correct
1970 Let It Be The Beatles
98%
1973 1967-1970 (The Blue Album) The Beatles
97%
1970 Abbey Road The Beatles
97%
1979 The Long Run Eagles
96%
1977 Hotel California Eagles
96%
1976 Their Greatest Hits (1971-1975) Eagles
96%
1975 One of These Nights Eagles
96%
1975 Rock of the Westies Elton John
95%
1975 Captain Fantastic and the Brown Dirt Cowboy Elton John
95%
1974 Greatest Hits Elton John
95%
1974 Caribou Elton John
95%
1973 Goodbye Yellow Brick Road Elton John
95%
1973 Don't Shoot Me I'm Only the Piano Player Elton John
95%
1972 Honky Château Elton John
95%
1975 Wish You Were Here Pink Floyd
95%
1973 The Dark Side of the Moon Pink Floyd
95%
1979 Spirits Having Flown Bee Gees
91%
1978 Saturday Night Fever Bee Gees
91%
1979 In Through the Out Door Led Zeppelin
91%
1976 Presence Led Zeppelin
91%
1975 Physical Graffiti Led Zeppelin
91%
1973 Houses of the Holy Led Zeppelin
91%
1970 --- -------- III Led Zeppelin
91%
1970 --- -------- II Led Zeppelin
91%
1974 Band on the Run Paul McCartney & Wings
91%
1973 Red Rose Speedway Paul McCartney & Wings
91%
1978 Some Girls The Rolling Stones
91%
1976 Black and Blue The Rolling Stones
91%
1974 It's Only Rock 'n' Roll The Rolling Stones
91%
1973 Goats Head Soup The Rolling Stones
91%
1972 Exile on Main St. The Rolling Stones
91%
1971 Sticky Fingers The Rolling Stones
91%
1977 Wings over America Wings
91%
1976 Wings at the Speed of Sound Wings
91%
1975 Venus and Mars Wings
91%
1977 Rumours Fleetwood Mac
90%
1976 --------- --- Fleetwood Mac
90%
1975 Still Crazy After All These Years Paul Simon
90%
1973 No Secrets Carly Simon
89%
1974 Walls and Bridges John Lennon
88%
1971 Imagine John Lennon
88%
1970 Bridge Over Troubled Water Simon & Garfunkel
83%
1976 Songs in the Key of Life Stevie Wonder
80%
1974 Fulfillingness' First Finale Stevie Wonder
80%
1973 Aloha from Hawaii: Via Satellite Elvis Presley
75%
1979 Breakfast in America Supertramp
72%
1979 Get the Knack The Knack
72%
1978 52nd Street Billy Joel
70%
1979 Greatest Hits Vol. 2 Barbra Streisand
69%
1977 A Star is Born Barbra Streisand
69%
1974 The Way We Were Barbra Streisand
69%
1974 Wrap Around Joy Carole King
68%
1972 Music Carole King
68%
1971 Tapestry Carole King
68%
1972 American Pie Donald McLean
66%
1976 Desire Bob Dylan
63%
1975 Blood on the Tracks Bob Dylan
63%
1974 Planet Waves Bob Dylan
63%
1973 Living in the Material World George Harrison
61%
1971 All Things Must Pass George Harrison
61%
1972 Harvest Neil Young
61%
1976 -------- Comes Alive! Peter Frampton
61%
1979 Bad Girls Donna Summer
60%
1978 Live and More Donna Summer
60%
1974 You Don't Mess Around With Jim Jim Croce
59%
1979 Blondes Have More Fun Rod Stewart
59%
1971 Every Picture Tells a Story Rod Stewart
59%
1971 Shaft Isaac Hayes
57%
1973 Lady Sings the Blues Diana Ross
54%
1975 ------- IX Chicago
51%
1975 ------- VIII Chicago
51%
1974 ------- VII Chicago
51%
1973 ------- VI Chicago
51%
1972 ------- V Chicago
51%
1974 So Far Crosby, Stills, Nash & Young
45%
1971 4 Way Street Crosby, Stills, Nash & Young
45%
1970 Déjà Vu Crosby, Stills, Nash & Young
45%
1978 Don't Look Back Boston
44%
1974 461 Ocean Boulevard Eric Clapton
44%
1971 Pearl Janis Joplin
44%
1970 Cosmo's Factory Creedence Clearwater Revival
43%
1974 Endless Summer The Beach Boys
43%
1979 Minute by Minute The Doobie Brothers
43%
1975 Have You Never Been Mellow Olivia Newton-John
42%
1974 If You Love Me, Let Me Know Olivia Newton-John
42%
1973 A Passion Play Jethro Tull
40%
1972 Thick as a Brick Jethro Tull
40%
1971 ------- III Santana
40%
1970 Abraxas Santana
40%
1972 Super Fly Curtis Mayfield
39%
1974 Sundown Gordon Lightfoot
39%
1975 AWB Average White Band
36%
1970 --------- Paul McCartney
35%
1973 Billion Dollar Babies Alice Cooper
34%
1976 Gratitude Earth, Wind & Fire
34%
1975 That's the Way of the World Earth, Wind & Fire
34%
1974 The Singles: 1969-1973 The Carpenters
29%
1975 Windsong John Denver
28%
1974 Back Home Again John Denver
28%
1974 Greatest Hits John Denver
28%
1971 There's a Riot Goin' On Sly & the Family Stone
28%
1974 Can't Get Enough Barry White
27%
1978 Living in the USA Linda Ronstadt
27%
1977 Simple Dreams Linda Ronstadt
27%
1975 Heart Like a Wheel Linda Ronstadt
27%
1972 Catch Bull at Four Cat Stevens
23%
1973 The World Is a Ghetto War
23%
1973 Brothers and Sisters The Allman Brothers Band
20%
1976 Breezin' George Benson
19%
1979 Briefcase Full of Blues The Blues Brothers
19%
1978 City to City Gerry Rafferty
17%
1975 Fire The Ohio Players
17%
1972 ------- America
16%
1975 The Red Octopus Jefferson Starship
16%
1972 Seventh Sojourn The Moody Blues
16%
1974 Not Fragile Bachman-Turner Overdrive
15%
1970 -----, ----- & ----- 3 Blood, Sweat & Tears
15%
1974 --- ------- Bad Company
14%
1972 First Take Roberta Flack
13%
1977 ----- ------- Live Barry Manilow
11%
1975 The Heat Is On The Isley Brothers
9%
1975 Between the Lines Janis Ian
7%
1973 Dueling Banjos Eric Weissberg and Steve Mandell
6%
No matching quizzes found
Score Distribution
Percent of People with Each Score
Percentile by Number Answered
Your Score History
You have not taken this quiz since the last reset